265 giống cây trồng mới

Sách cung cấp những thông tin về nguồn gốc, phương pháp chọn tạo, những đặc tính, những ưu điểm và nhược điểm chủ yếu của giống cây mới; đồng thời đề xuất phương hướng sử dụng, yêu cầu kỹ thguật đối với từng giống hoặc nhóm g...

Descrición completa

Gardado en:
Detalles Bibliográficos
Autor Principal: Trương Đích...[et al.]
Formato: Libro
Idioma:Undetermined
Publicado: Hà Nội Nông Nghiệp 1998
Những chủ đề:
Các nhãn: Engadir etiqueta
Sen Etiquetas, Sexa o primeiro en etiquetar este rexistro!
Thư viện lưu trữ: Trung tâm Học liệu Trường Đại học Cần Thơ
LEADER 01052nam a2200181Ia 4500
001 CTU_28051
008 210402s9999 xx 000 0 und d
082 |a 631.52 
082 |b Gi455 
100 |a Trương Đích...[et al.] 
245 0 |a 265 giống cây trồng mới 
245 0 |c Trương Đích...[et al.] 
260 |a Hà Nội 
260 |b Nông Nghiệp 
260 |c 1998 
520 |a Sách cung cấp những thông tin về nguồn gốc, phương pháp chọn tạo, những đặc tính, những ưu điểm và nhược điểm chủ yếu của giống cây mới; đồng thời đề xuất phương hướng sử dụng, yêu cầu kỹ thguật đối với từng giống hoặc nhóm giống của các loại cây trồng như lúa, ngô, lạc, đạu đỗ, khoai lang, khoai tây, sắn, rau, mía, bông, chè, dâu tằm... 
650 |a plant breeding 
980 |a Trung tâm Học liệu Trường Đại học Cần Thơ